Budapest és Prága turizmusának összehasonlító elemzése a szezonalitás függvényében

Bibliographic Details
Main Author: Dénes Bence
Other Authors: Majoros Dr. Pál
Format: Thesis
Kulcsszavak:Turizmus
Budapest
Szezonalitás
Prága
Összehasonlító elemzés
Európai Unió
Online Access:http://dolgozattar.uni-bge.hu/18706

MARC

LEADER 00000nta a2200000 i 4500
001 dolg18706
005 20200505061533.0
008 181203suuuu hu om 000 hun d
040 |a BGE Dolgozattár Repozitórium  |b hun 
041 |a hu 
100 1 |a Dénes Bence 
245 1 0 |a Budapest és Prága turizmusának összehasonlító elemzése a szezonalitás függvényében  |c Dénes Bence  |h [elektronikus dokumentum] 
695 |a Turizmus 
695 |a Budapest 
695 |a Szezonalitás 
695 |a Prága 
695 |a Összehasonlító elemzés 
695 |a Európai Unió 
700 1 |a Majoros Dr. Pál  |e ths 
856 4 0 |u http://dolgozattar.uni-bge.hu/18706/1/D%C3%A9nes%20Bence%20Szakdolgozat.pdf  |z Dokumentum-elérés